000 00291nam a22001337a 4500
008 170706b xxu||||| |||| 00| 0 eng d
020 _a9780321065018
041 _aeng
080 _a821.18
100 _a22
101 _aGJL
245 _aACADEMIC LITERACY
_cNEELEY, S.D
942 _2udc
_cBK
999 _c19941
_d19941